[Event "Riscle-A"]
[Site "Riscle"]
[Date "2018.08.10"]
[Round "6"]
[White "Harutyunyan, Axel"]
[Black "Gonzalez Santamartina, Jorge"]
[Result "1/2-1/2"]
[WhiteElo "1993"]
[BlackElo "2146"]
[PlyCount "49"]
[EventDate "2018.08.06"]
[EventType "tourn"]
[EventRounds "7"]
[EventCountry "FRA"]
[SourceTitle "EXT 2020"]
[Source "ChessBase"]
[SourceDate "2019.10.17"]
[SourceVersion "1"]
[SourceVersionDate "2019.10.17"]
[SourceQuality "1"]

1. e4 e5 2. Nf3 Nc6 3. Bc4 Bc5 4. c3 Nf6 5. d3 d6 6. Nbd2 a6 7. Bb3 Ba7 8. 0-0 Ne7 9. h3 Ng6 10. Re1 0-0 11. Nf1 Nh5 12. Bg5 Qe8 13. d4 h6 14. Nxe5 Nxe5 15. Qxh5 hxg5 16. dxe5 Qxe5 17. Rad1 Qf6 18. Ne3 Be6 19. Rd3 Rac8 20. Re2 Bxb3 21. Ng4 Qe6 22. axb3 f5 23. exf5 Qxe2 24. Nh6+ Kh7 25. Ng4+ 1/2-1/2

[Event "Wch U18"]
[Site "Al Ain"]
[Date "2013.12.23"]
[Round "8"]
[White "Harutyunyan, Axel"]
[Black "Thing, Bibek"]
[Result "1/2-1/2"]
[WhiteElo "1811"]
[BlackElo "1902"]
[PlyCount "111"]
[EventDate "2013.12.18"]
[EventType "swiss"]
[EventRounds "11"]
[EventCountry "UAE"]
[SourceTitle "CBM 158 Extra"]
[Source "ChessBase"]
[SourceDate "2014.02.28"]
[SourceVersion "1"]
[SourceVersionDate "2014.02.28"]
[SourceQuality "1"]

1. e4 c5 2. Nc3 a6 3. g4 Nc6 4. Bg2 g6 5. d3 Bg7 6. Nge2 d6 7. Ng3 Nf6 8. g5 Nd7 9. f4 Nd4 10. Nce2 Qc7 11. c3 Nxe2 12. Qxe2 Nb6 13. Be3 Bd7 14. 0-0-0 Na4 15. d4 cxd4 16. Bxd4 Bxd4 17. Rxd4 Nxc3 18. Qc4 Nb5 19. Qxc7 Nxc7 20. f5 Bc6 21. Rg1 0-0-0 22. h4 d5 23. e5 e6 24. fxe6 Nxe6 25. Bh3 Kc7 26. Bxe6 fxe6 27. Rf1 Rhf8 28. Rdf4 Rxf4 29. Rxf4 Rd7 30. Ne2 Re7 31. Kd2 Kd7 32. Ke3 Rg7 33. Rf6 Ke7 34. Nf4 Bd7 35. Kd4 Rg8 36. Nd3 b6 37. b3 Be8 38. Nf4 Bf7 39. Nd3 Rc8 40. Rf2 Be8 41. Rf1 Rc2 42. Rf2 Rc7 43. Rf1 Bb5 44. Rc1 Rxc1 45. Nxc1 Bf1 46. a3 Kd7 47. Na2 Kc6 48. Nc3 Bh3 49. Na2 Bf5 50. Nb4+ Kb5 51. Na2 Bc2 52. Nc3+ Kc6 53. b4 Bf5 54. Ne2 a5 55. Kc3 axb4+ 56. axb4 1/2-1/2

[Event "Brasschaat op 12th"]
[Site "Brasschaat"]
[Date "2012.08.23"]
[Round "6"]
[White "Mainka, Romuald"]
[Black "Harutyunyan, Axel"]
[Result "1-0"]
[WhiteElo "2467"]
[BlackElo "1812"]
[PlyCount "99"]
[EventDate "2012.08.18"]
[EventType "swiss"]
[EventRounds "9"]
[EventCountry "BEL"]
[SourceTitle "EXT 2017"]
[Source "ChessBase"]
[SourceDate "2016.10.25"]
[SourceVersion "1"]
[SourceVersionDate "2016.10.25"]
[SourceQuality "1"]

1. e4 c5 2. Nf3 g6 3. c3 Bg7 4. d4 cxd4 5. cxd4 d5 6. e5 Bg4 7. Bb5+ Nc6 8. Nbd2 e6 9. 0-0 Nge7 10. h3 Bxf3 11. Nxf3 0-0 12. Bg5 Qb6 13. Bxc6 Nxc6 14. Qd2 Rac8 15. b3 Rc7 16. Bf6 Rfc8 17. Bxg7 Kxg7 18. Qf4 Qb4 19. Qf6+ Kg8 20. Qh4 Qf8 21. Rfd1 Nb4 22. Nh2 Qe7 23. Qf4 h5 24. Nf3 Rc3 25. Kh2 Kg7 26. Rd2 Nd3 27. Qg3 Nc1 28. Rb1 Rc2 29. Rb2 Rxb2 30. Rxb2 Qa3 31. Rd2 Nxa2 32. Qf4 Nc3 33. Qf6+ Kg8 34. Ng5 Qf8 35. Rc2 Rc6 36. Rd2 Nb5 37. g4 hxg4 38. hxg4 Rc3 39. Kg2 Nc7 40. Rd1 Ne8 41. Qf4 Rc6 42. Rh1 Ng7 43. Qh2 Nh5 44. gxh5 gxh5 45. Qg3 Qg7 46. Rxh5 Rc7 47. Rh4 Kf8 48. Rg4 Qh6 49. Rh4 Qg7 50. Nh7+ 1-0